[Event "18th Karpov Poikovsky 2017"]
[Site "Poikovsky"]
[Date "2017.04.18"]
[Round "1"]
[White "Inarkiev, Ernesto"]
[Black "Zhigalko, Sergei"]
[Result "1-0"]
[WhiteElo "2727"]
[BlackElo "2639"]
[Annotator "TA"]
[PlyCount "83"]
[EventDate "2017.??.??"]
[EventType "tourn"]
[EventCountry "RUS"]
[SourceTitle "playchess.com"]
[Source "ChessBase"]
[SourceQuality "1"]

{[%evp 13,83,11,20,17,28,12,31,0,0,0,0,0,0,0,0,0,0,0,0,6,0,-28,-9,-20,23,39,50,49,50,45,53,50,72,68,82,39,30,30,52,-22,34,24,45,47,42,44,189,165,272,284,281,268,285,285,249,247,424,400,791,771,762,793,830,525,566,559,546,533,1542,1503,1584,1418]} 1. c4 e5 2. Nc3 Nf6 3. Nf3 Nc6 4. g3 Bb4 5. Bg2 O-O 6. O-O Re8 7. Nd5 a5 {LiveBook: 26 Games} 8. e3 {[%cal Be2e3,Be3e4][%mdl 32] A29: English Opening: Four Knights Variation with 4 g3} (8. d3 h6 9. a3 Bc5 10. e3 d6 11. b3 Nxd5 12. cxd5 Ne7 13. d4 exd4 14. Nxd4 Nf5 15. Ne2 Bd7 {1-0 (44) Ding,L (2717)-Zeng,C (2520) Xinghua 2014}) 8... Bf8 9. d4 d6 10. h3 {White is slightly better.} h6 11. Nxf6+ Qxf6 12. d5 Nb4 $146 (12... Ne7 13. e4 g5 14. Nh2 Qg7 15. Qh5 Qg6 16. Qxg6+ fxg6 {½-½ (37) Grant,J (2253)-Pritchett,C (2318) Edinburgh 2003}) 13. e4 Bd7 14. Be3 Qg6 15. Qb1 Na6 16. Kh2 Be7 17. b3 Rf8 18. a3 c5 19. Nd2 Rae8 20. h4 b6 21. Bh3 Bxh3 22. Kxh3 Qh7 23. h5 Bg5 24. f4 exf4 25. gxf4 Bf6 26. Ra2 (26. e5 $1 $14) 26... Bc3 ({Black should play} 26... Nb8 $11) 27. f5 $14 g5 28. hxg6 fxg6 29. Qd3 $36 {[%mdl 2048] White is more active.} Bf6 (29... Bd4 $14) 30. Bf4 $18 Be5 (30... Be7 {might work better.} 31. Qg3 Rf6) 31. Bxe5 Rxe5 {[#]} 32. Nf3 $1 {[%cal Rf3e5]} Ree8 33. fxg6 Qd7+ {[#]} 34. Kg3 $1 Rf6 $2 (34... a4 35. bxa4 h5) 35. Nh4 h5 (35... Rxe4 $142 36. Qxe4 Rxf1) 36. Rf5 {White is clearly winning.} Qe7 37. Rg2 Nb8 38. Rxf6 Qxf6 39. Qf3 Nd7 40. Qxh5 {Threatening mate with Qh7+.} Re7 41. Nf5 Qe5+ 42. Kh3 1-0

[Event "18th Karpov Poikovsky 2017"]
[Site "Poikovsky"]
[Date "2017.04.18"]
[Round "1"]
[White "Rodshtein, Maxim"]
[Black "Jakovenko, Dmitry"]
[Result "1-0"]
[WhiteElo "2701"]
[BlackElo "2718"]
[Annotator "TA"]
[PlyCount "139"]
[EventDate "2017.??.??"]
[EventType "tourn"]
[EventCountry "RUS"]
[SourceTitle "playchess.com"]
[Source "ChessBase"]
[SourceQuality "1"]

{[%evp 23,139,26,18,0,18,0,38,14,50,53,65,60,79,59,97,93,87,65,95,81,114,110,112,94,152,132,136,136,136,137,134,140,141,81,87,75,106,104,110,97,95,93,94,94,94,94,89,100,97,89,86,76,85,63,62,14,86,86,97,37,23,0,105,93,177,170,267,256,364,360,410,395,364,233,227,227,288,291,291,291,289,287,302,294,302,295,285,0,271,268,282,289,269,234,233,229,276,312,304,310,300,273,427,397,406,369,373,375,338,341,677,603,584,583,793,778,885,855]} 1. d4 Nf6 2. c4 e6 3. Nf3 d5 4. g3 Be7 5. Bg2 O-O 6. O-O dxc4 7. Qc2 a6 8. a4 Bd7 9. Qxc4 Bc6 10. Bf4 Bd6 {E05: Open Catalan: 5 Nf3 Be7} 11. Qc1 Bxf4 12. Qxf4 Qd6 {LiveBook: 3 Games. White has an edge.} 13. Nbd2 $146 (13. Qc1 Bd5 14. Nc3 Nc6 15. e3 Nb4 16. Qb1 Qe7 17. a5 c5 18. Nxd5 Nfxd5 {0-1 (37) Eljanov,P (2755)-Aronian,L (2780) Wijk aan Zee 2017}) 13... a5 14. Rfc1 Nbd7 15. Qe3 Bxf3 16. Nc4 ({Much weaker is} 16. Qxf3 Qxd4 17. Nb3 Qxb2 $11) 16... Qb4 17. Qxf3 Nd5 18. Qa3 f5 19. Qxb4 axb4 20. Nd2 {And now Bxd5 would win.} c6 21. a5 Rfc8 22. e4 fxe4 23. Nxe4 Rc7 (23... Ra7 $142) 24. Bh3 Nf8 25. Nc5 Kf7 26. Ra4 Ra7 27. Re1 Re7 28. Nd3 (28. f4 $142) 28... Nd7 $16 29. Nxb4 (29. Rea1 $5 {with more complications.} Nb8 30. Nxb4 Nxb4 31. Rxb4 g6 32. Rb3) 29... Nxb4 30. Rxb4 Nf6 31. Ra4 Ra8 32. Ra3 Rd8 33. a6 bxa6 34. Rxa6 Rd6 35. Rc1 Rxd4 36. Rcxc6 {[%cal Rh3e6]} Rd1+ 37. Kg2 {[%cal Rh3e6]} Re1 38. Rc2 g5 {next ...g4 is good for Black.} 39. Ra4 Rb7 (39... h5 $1 $11) 40. Bg4 $1 $36 {[%mdl 2048] White has strong initiative.} Rb1 41. Rc6 (41. Rc5 $16) 41... Re1 $14 42. Rc2 (42. Rc5 $11 h6 43. h4) 42... Rb1 $1 $16 {[#]} 43. Rc5 $1 h6 {[#]} (43... Nxg4 $16 44. Rxg4 h6) 44. Bxe6+ $1 $18 {[%mdl 512]} Kg7 (44... Kxe6 {was called for.} 45. Ra6+ Ke7) 45. b3 Re7 (45... Rd1 $142 46. Ra6 Ne8) 46. Rc6 Rb2 47. h3 Rd2 48. Rca6 Ne8 49. Ra7 Rxa7 50. Rxa7+ {[%mdl 4096] Endgame KRB-KRN} Kf6 51. Rd7 Nd6 52. Bg4 Ke5 53. Re7+ Kf6 54. Re6+ Kg7 55. Re7+ Kf6 $1 {[%cal Rf6e7]} 56. Re2 Rd4 57. Re6+ Kg7 58. Be2 Ne4 59. Bh5 Nc5 60. Rg6+ Kh7 61. Rb6 Kg7 62. b4 {[%cal Bb3b4,Bb4b5][%mdl 32]} Ne4 (62... Na4 $142 63. Rb7+ Kf8) 63. Rg6+ Kh7 64. Re6 {Hoping for Bg6+.} Nc3 65. Rc6 Nd5 66. b5 Rd2 $2 (66... Rb4 67. Bg6+ Kg7) 67. Bg6+ {White is clearly winning.} Kg7 68. Be4 Ne3+ 69. Kf3 Nd1 70. Rc2 1-0

[Event "18th Karpov Poikovsky 2017"]
[Site "Poikovsky"]
[Date "2017.04.18"]
[Round "1"]
[White "Najer, Evgeniy"]
[Black "Bologan, Victor"]
[Result "1-0"]
[WhiteElo "2679"]
[BlackElo "2640"]
[Annotator "TA"]
[PlyCount "63"]
[EventDate "2017.??.??"]
[EventType "tourn"]
[EventCountry "RUS"]
[SourceTitle "playchess.com"]
[Source "ChessBase"]
[SourceQuality "1"]

{[%evp 11,63,43,47,32,38,33,58,28,41,12,6,18,35,0,0,-62,0,0,0,6,35,-58,-54,-52,-44,-50,-63,-61,-50,-58,-13,-28,-15,-11,-9,-7,-17,-4,0,0,1,0,50,43,314,320,520,525,508,518,992,992,2010,1052]} 1. e4 g6 2. d4 Bg7 3. Nc3 c6 4. h3 d6 5. Be3 Qb6 {B06: Modern Defence} 6. Rb1 Nf6 {LiveBook: 9 Games} 7. g4 Qc7 $146 {White is slightly better.} (7... d5 8. e5 Ne4 9. Nxe4 dxe4 10. c3 c5 11. Ne2 O-O 12. Bg2 cxd4 13. cxd4 {1-0 (20) Baklan,V (2638)-Qendro,L (2356) Bratto 2010}) 8. f4 O-O 9. Bg2 b5 10. Nce2 Qa5+ 11. c3 b4 12. g5 Nh5 13. cxb4 (13. Bf3 $1 $11) 13... Qxa2 (13... Qxb4+ $15 14. Kf2 f6 15. gxf6 Nxf6) 14. Nc3 $11 Qc4 15. b5 Bb7 {[#] Strongly threatening ...c5.} (15... cxb5 $6 16. e5 $16) 16. bxc6 (16. Nge2 $14) 16... Nxc6 $15 {Hoping for ...Ng3.} 17. Nge2 e5 $1 {[%cal Re5d4]} 18. fxe5 dxe5 19. d5 Nd4 20. Ra1 Qb4 21. O-O Qxb2 22. Rb1 Nxe2+ 23. Nxe2 ({Much worse is} 23. Qxe2 Qxc3 24. Rxb7 Ng3 $17) 23... Qa3 24. Qc1 $132 {[%mdl 2048] White is not keeping still (3)} Qa6 25. Qd2 Bc8 26. Rfc1 Bd7 27. Rc7 Bb5 $2 {[%mdl 8192] [#]} (27... Rfd8 $1 $14) 28. Nc3 $18 Rfb8 $2 (28... Be8 {is a better defense.} 29. d6 Rd8) 29. Rxb5 {White is clearly winning.} Rxb5 30. Bf1 (30. Nxb5 Qxb5 31. d6 Rf8 $18) 30... Rab8 (30... Rb1 $142 31. Nxb1 Qd6) 31. Nxb5 Rxb5 32. Qd3 1-0

[Event "18th Karpov Poikovsky 2017"]
[Site "Poikovsky"]
[Date "2017.04.18"]
[Round "1"]
[White "Dubov, Daniil"]
[Black "Anton Guijarro, David"]
[Result "1/2-1/2"]
[WhiteElo "2660"]
[BlackElo "2679"]
[Annotator "TA"]
[PlyCount "63"]
[EventDate "2017.??.??"]
[EventType "tourn"]
[EventCountry "RUS"]
[SourceTitle "playchess.com"]
[Source "ChessBase"]
[SourceQuality "1"]

{[%evp 10,63,25,-7,11,8,13,6,11,11,50,29,29,0,0,0,0,0,0,0,0,0,0,0,0,0,0,0,0,-10,-9,-14,-18,-14,-22,-12,-9,-19,-8,-11,-8,-47,-50,-104,-92,-95,-83,-127,0,0,0,-128,0,0,0,-138]} 1. c4 Nf6 2. g3 c6 3. Nf3 d5 4. Bg2 dxc4 5. O-O Nbd7 {A11: English Opening: 1...c6} (5... g6 6. Na3 Bg7 7. Nxc4 O-O 8. b3 Nbd7 9. Bb2 Nb6 10. Qc1 Nxc4 11. bxc4 Bg4 12. h3 Bxf3 13. Bxf3 Qc7 {0-1 (56) Aronian,L (2785)-Malakhov,V (2713) Doha 2016}) 6. Na3 {[%cal Bb1a3,Ba3c2,Bc2b4,Bb4d5][%mdl 32] LiveBook: 212 Games} b5 7. Nd4 a6 $1 8. d3 $146 (8. Nxc6 Qc7 9. Nxe7 Bb7 10. Bxb7 Qxb7 11. Nf5 Ne5 12. Nc2 Qd7 13. Nfe3 {1-0 (43) Georgiev,K (2626)-Varga,Z (2459) Palic 2014}) 8... Bb7 9. dxc4 b4 10. Nac2 $1 (10. Bxc6 $2 Bxc6 11. Nxc6 Qb6 12. Nxb4 Qxb4 $19) 10... Qc7 11. Nxb4 {[%cal Rd4c6]} c5 $1 {[%csl LRb4,LRd4] [#] ...Bxg2 is the strong threat.} 12. Nd5 $1 {[%cal Rd5c7]} (12. Bf4 $2 e5 13. Nxa6 Rxa6 $17) 12... Nxd5 13. cxd5 cxd4 14. Bf4 $1 {[%cal Rf4c7]} Qb6 15. Rc1 $1 e5 16. dxe6 $1 fxe6 {[%cal Bf7e6,Be6e5][%mdl 32] Strongly threatening ...Bxg2.} 17. Bxb7 Qxb7 18. Qxd4 Qd5 19. Qc3 {Threatens to win with Rfd1.} e5 (19... Qxa2 $2 20. Rfd1 Nc5 21. b4 $18) 20. Rfd1 Qe6 21. Qf3 Rd8 $1 (21... e4 $2 22. Qh5+ g6 23. Qa5 $16) 22. Bg5 Be7 $1 {[%cal Re7g5]} 23. Bxe7 Qxe7 24. Rc7 Rf8 25. Qb7 Rf6 ({Don't go for} 25... Qf7 $2 {[#]} 26. Rcxd7 $1 {[%mdl 512]} (26. Qxa6 Qxf2+ 27. Kh1 Rf6 $17) 26... Qxd7 27. Rxd7 Rxd7 28. Qxa6 $18) 26. Rc8 ({White should play} 26. Rc6 $15) 26... Rxc8 $17 27. Qxc8+ Qd8 28. Qb7 Qe7 (28... g6 $17) 29. Qa8+ (29. Qc8+ $11 {remains equal.} Qd8 30. Qc2 (30. Qc4 Kf8 $11)) 29... Qd8 30. Qb7 $1 Qe7 (30... g6 $17) 31. Qc8+ (31. Qa8+ $11 Qd8 32. Qb7) 31... Qd8 32. Qb7 $1 1/2-1/2

[Event "18th Karpov Poikovsky 2017"]
[Site "Poikovsky"]
[Date "2017.04.18"]
[Round "1"]
[White "Sutovsky, Emil"]
[Black "Korobov, Anton"]
[Result "1-0"]
[WhiteElo "2650"]
[BlackElo "2695"]
[Annotator "TA"]
[PlyCount "47"]
[EventDate "2017.??.??"]
[EventType "tourn"]
[EventCountry "RUS"]
[SourceTitle "playchess.com"]
[Source "ChessBase"]
[SourceQuality "1"]

{[%evp 9,47,27,37,46,46,28,43,39,35,42,22,27,8,14,50,54,56,62,37,37,42,73,164,173,175,159,169,167,165,163,152,165,176,185,305,312,529,460,1472,1398]} 1. e4 c5 2. Nf3 d6 3. d4 cxd4 4. Nxd4 Nf6 5. Nc3 Nbd7 6. g4 {B56: Classical Sicilian: Unusual Lines} h6 7. h4 a6 $146 (7... Nb6 8. g5 hxg5 9. Bxg5 a6 10. Qe2 Nh7 11. Be3 e5 12. Nb3 Nf6 13. O-O-O Be7 {½-½ (42) Milman,L (2452)-Arnold,M (2505) Lubbock 2011}) 8. Bg2 {White is slightly better.} g6 9. g5 hxg5 10. hxg5 Rxh1+ 11. Bxh1 Nh5 12. Bf3 $36 {[%mdl 2048] White fights for an advantage.} Ne5 13. Be2 Bg7 14. Be3 Nc6 15. Nd5 {Strongly threatening Nxc6.} Kf8 (15... Rb8 $16 {was necessary.}) 16. Bxh5 $18 gxh5 {[#]} 17. Nf5 $1 Bxf5 18. exf5 Bxb2 19. Rb1 Qa5+ 20. Kf1 Qxa2 21. f6 exf6 (21... Rb8 $142) 22. gxf6 Kg8 $2 {[#]} (22... Qc4+ 23. Kg1 Qg4+ 24. Qxg4 hxg4 25. Rxb2 b5) 23. Kg2 Be5 (23... Qc4 $142 24. Qxh5 Qe4+ 25. Kf1 Qg6 26. Qxg6+ fxg6 27. Rxb2 b5) 24. Kh3 1-0

[Event "18th Karpov Poikovsky 2017"]
[Site "Poikovsky"]
[Date "2017.04.19"]
[Round "2"]
[White "Jakovenko, Dmitry"]
[Black "Dubov, Daniil"]
[Result "1/2-1/2"]
[WhiteElo "2718"]
[BlackElo "2660"]
[Annotator "TA"]
[PlyCount "35"]
[EventDate "2017.??.??"]
[EventType "tourn"]
[EventCountry "RUS"]
[SourceTitle "playchess.com"]
[Source "ChessBase"]
[SourceQuality "1"]

{[%evp 20,35,25,18,43,17,22,25,20,0,0,0,28,14,21,22,15,0]} 1. d4 Nf6 2. c4 e6 3. Nc3 Bb4 4. e3 O-O 5. Bd3 d5 6. a3 Be7 7. Nf3 c5 8. cxd5 cxd4 9. exd4 Nxd5 10. O-O Nc6 11. Re1 Bf6 {B22: Sicilian: 2 c3} (11... Nxc3 12. bxc3 Bf6 13. Be4 Bd7 14. Qd3 g6 15. Bh6 Re8 16. h4 Bxh4 17. Nxh4 Qxh4 18. Qe3 f6 19. g3 Qh3 20. Bg2 Qf5 21. Be4 Qh3 22. Bg2 Qf5 23. Be4 {½-½ (23) Khairullin,I (2629)-Sadykov,R (2403) Moscow 2015}) 12. Be4 Nce7 13. Qd3 $146 (13. Ng5 g6 14. Bc2 Bg7 15. Nce4 Nf5 16. Nf3 Qb6 17. Be3 Qxb2 18. Qd3 Qb6 19. Rab1 {0-1 (75) Meshcheriakova,E (2197)-Ozturk,K (1980) Istanbul 2005}) 13... h6 {White has an edge.} 14. Ne5 Nxc3 15. Qxc3 Nf5 16. Be3 Nxe3 17. Rxe3 Qb6 18. Rd1 1/2-1/2

[Event "18th Karpov Poikovsky 2017"]
[Site "Poikovsky"]
[Date "2017.04.19"]
[Round "2"]
[White "Korobov, Anton"]
[Black "Rodshtein, Maxim"]
[Result "1-0"]
[WhiteElo "2695"]
[BlackElo "2701"]
[Annotator "TA"]
[PlyCount "75"]
[EventDate "2017.??.??"]
[EventType "tourn"]
[EventCountry "RUS"]
[SourceTitle "playchess.com"]
[Source "ChessBase"]
[SourceQuality "1"]

{[%evp 26,75,18,12,34,14,23,21,39,38,35,35,43,41,43,45,43,35,50,49,47,50,55,31,55,38,39,40,40,22,32,32,70,68,52,64,65,0,0,0,0,0,2,2,17,18,31,31,265,265,344,345]} 1. d4 Nf6 2. c4 g6 3. g3 c6 4. Bg2 d5 5. Nf3 Bg7 6. cxd5 cxd5 7. Ne5 O-O 8. Nc3 e6 9. O-O Nfd7 10. f4 Nc6 11. Be3 Nb6 12. Bf2 Ne7 13. a4 a5 {D79: Fianchetto Grünfeld: Symmetrical Variation (6 0-0 c6 7 cxd5 cxd5)} 14. Qb3 {LiveBook: 11 Games} Rb8 (14... Bd7 15. Rfc1 Bc6 16. Nb5 Nbc8 17. e3 Nd6 18. Nxd6 Qxd6 19. Be1 Rfb8 20. Qb6 Qd8 21. Qxd8+ Rxd8 {1-0 (96) Aronian,L (2815)-Giri,A (2752) Flor & Fjaere 2014}) 15. Rfc1 $146 (15. Rac1 Bd7 16. Nxd7 Nxd7 17. e4 dxe4 18. Bxe4 Nf6 19. Bf3 Re8 20. Rfd1 b6 21. d5 Nfxd5 22. Nxd5 Nxd5 23. Bxd5 exd5 24. Rxd5 {½-½ (41) Kacheishvili,G (2564)-Yegiazarian,A (2513) Yerevan 2000}) 15... Bd7 {The position is equal.} 16. g4 Be8 17. e3 Nbc8 18. Nb5 Nd6 19. Nxd6 Qxd6 20. Be1 b6 21. Qa3 Qxa3 22. Rxa3 f6 23. Nd3 Rf7 24. b3 {[%cal Bb2b3,Bb3b4,Bb4b5][%mdl 32]} f5 25. h3 Rc8 26. Raa1 Nc6 27. b4 Rfc7 28. b5 Nd8 29. Rxc7 Rxc7 30. Bh4 Nf7 31. gxf5 (31. Rc1 $14 Rc4 32. Rxc4 dxc4 33. Nc1) 31... gxf5 $11 32. Bf1 Rc8 33. Rc1 Rxc1 34. Nxc1 Bf8 35. Nd3 Bd6 36. Ne5 {Strongly threatening Nxf7.} Kf8 $2 {[#]} (36... Bc7 $14) 37. Nxf7 $1 $18 Bxf7 {[#]} 38. Bd8 $1 1-0

[Event "18th Karpov Poikovsky 2017"]
[Site "Poikovsky"]
[Date "2017.04.19"]
[Round "2"]
[White "Najer, Evgeniy"]
[Black "Inarkiev, Ernesto"]
[Result "1-0"]
[WhiteElo "2679"]
[BlackElo "2727"]
[Annotator "TA"]
[PlyCount "59"]
[EventDate "2017.??.??"]
[EventType "tourn"]
[EventCountry "RUS"]
[SourceTitle "playchess.com"]
[Source "ChessBase"]
[SourceQuality "1"]

{[%evp 16,59,0,6,17,-3,3,-7,3,1,16,12,27,7,33,33,36,42,38,37,41,23,35,29,27,7,47,43,87,62,145,147,160,135,235,108,106,131,375,381,369,362,29988,29989,29986,29987]} 1. e4 e5 2. Nf3 Nc6 3. d4 exd4 4. Nxd4 Nf6 5. Nxc6 bxc6 6. Bd3 d5 7. Qe2 Be7 8. Nd2 O-O 9. O-O Nd7 {C45: Scotch Game} (9... Re8 10. e5 Bc5 11. Nb3 Bb6 12. a4 a5 13. Bf4 h6 14. Kh1 Ne4 15. f3 Nd6 16. Rad1 c5 17. c4 dxc4 18. Bxc4 {½-½ (30) Fritsche,F (2395)-Ljubicic,L (2626) ICCF email 2011}) 10. exd5 cxd5 11. Nb3 $146 (11. Re1 Bd6 12. Nf3 Nc5 13. Bg5 Qd7 14. Rad1 Nxd3 15. Qxd3 Bb7 16. Bh4 Rae8 17. Bg3 f6 18. c3 Rxe1+ 19. Rxe1 Bxg3 20. hxg3 Re8 21. Re3 c5 22. Qe2 Kf7 {½-½ (22) Blackburne,J-Atkins,H Oxford 1910}) 11... c5 {The position is equal.} 12. c4 (12. Qh5 $2 Nf6 13. Qd1 c4 $19) 12... dxc4 13. Bxc4 Nb6 14. Bd3 Be6 15. Rd1 $40 {[%mdl 128] Threatens to win with Bxh7+! White mounts an attack.} Qc7 16. Qe4 {[%csl Gd3][%cal Re4h7] [#]} g6 {...Bd5 is the strong threat.} 17. Bf4 Qc8 18. Bh6 {And now Ba6! would win.} Rd8 19. Qe5 {[%csl Gh6][%cal Re5g7]} f6 20. Qg3 {aiming for Bxg6!} Kf7 {next ...c4 is good for Black.} 21. Be2 Qc6 22. Rdc1 Na4 (22... Bd6 $14 23. Bf4 Rac8) 23. Na5 $16 Qb6 24. Nc4 Qc6 {[#]} (24... Qb7 $16 {might work better.} 25. Re1 Nb6) 25. Bf3 (25. Qf4 $1 $18 {is the precise move to win.} Qd5 26. Bf3) 25... Bd5 26. Qf4 Kg8 $2 (26... Qb7 $16) 27. Re1 $18 Bf8 28. Bxf8 (28. Bxd5+ Rxd5 29. Bxf8 Rxf8 $14) 28... Kxf8 $2 (28... Bxf3 $18 29. Be7 (29. gxf3 Rxf8 30. Re7 Qd5 $16) (29. Qxf3 Qxf3 30. gxf3 Rxf8 $11) 29... Rd4 30. Qxf3 (30. Qxf6 Qxf6 31. Bxf6 Rxc4 $14) 30... Qxf3 31. gxf3 Rxc4) 29. Qh6+ Kg8 30. Re7 1-0

[Event "18th Karpov Poikovsky 2017"]
[Site "Poikovsky"]
[Date "2017.04.19"]
[Round "2"]
[White "Bologan, Victor"]
[Black "Anton Guijarro, David"]
[Result "0-1"]
[WhiteElo "2640"]
[BlackElo "2679"]
[Annotator "TA"]
[PlyCount "64"]
[EventDate "2017.??.??"]
[EventType "tourn"]
[EventCountry "RUS"]
[SourceTitle "playchess.com"]
[Source "ChessBase"]
[SourceQuality "1"]

{[%evp 11,64,17,31,13,19,12,30,-4,2,0,0,-49,-49,-48,-43,-33,-36,-49,-44,-57,-35,-52,-14,-222,-231,-250,-241,-243,-244,-250,-239,-233,-223,-293,-288,-295,-255,-282,-268,-292,-307,-283,-293,-669,-676,-652,-653,-792,-786,-757,-760,-29994,-29995,-29996,-29990]} 1. d4 f5 2. Nf3 Nf6 3. g3 g6 4. Bg2 Bg7 5. O-O O-O 6. c3 e6 {[%cal Be7e6,Be6e5,Be5e4][%mdl 32]} 7. c4 {A81: Dutch Defence: 2 g3} d6 8. Nc3 Ne4 $146 (8... Nc6 9. d5 Ne5 10. Nd4 Qe7 11. Qb3 Kh8 12. Bg5 h6 13. Bxf6 Bxf6 14. Rad1 g5 15. dxe6 Bxe6 {1-0 (57) Bologan,V (2661)-Bartel,M (2641) Dubai 2014}) 9. Qc2 {White has an edge.} Nxc3 10. bxc3 e5 11. Ba3 e4 12. Nd2 Nd7 13. c5 dxc5 14. Rad1 Re8 15. f3 cxd4 {Hoping for ...d3!} (15... exf3 $5 {looks sharper.} 16. Nxf3 c6 17. Qb3+ Kh8 18. e3 Nb6) 16. fxe4 dxc3 17. exf5 $2 (17. Nc4 $11 {and White is okay.}) 17... cxd2 $19 (17... Rxe2 18. f6 Rxg2+ 19. Kxg2 Nxf6 20. Qxc3 $11) 18. fxg6 Ne5 {White must now prevent ...Qd4+.} (18... hxg6 19. Qxg6 Ne5 20. Bd5+ $1 {[%mdl 512]} Qxd5 21. Qxe8+ Kh7 22. Qh5+ Kg8 23. Qe8+ Kh7 24. Qh5+ Kg8 25. Qe8+ $11) 19. gxh7+ Kh8 {...Qd4+ is the strong threat.} 20. Rxd2 Qg5 {Threatens to win with ...Qe3+.} 21. Rf4 c6 22. Rd6 Be6 (22... Bf8 23. Qc3 $19) 23. Qc1 Nf7 24. Rd3 Rad8 (24... Kxh7 25. Qb1 Kg8 26. Qxb7 $19) 25. h4 Qb5 26. Rb4 Qa5 (26... Rxd3 27. Rxb5 Rc3 28. Qxc3 Bxc3 29. Rxb7 $17) 27. Rxb7 $2 (27. Rxd8 Nxd8 28. Re4) 27... Rxd3 (27... Bxa2 28. Rxd8 (28. Bb2 $2 Rxd3 29. Bxg7+ Kxg7 $19) 28... Qxd8 29. Bb2 Rxe2 30. Bxg7+ Kxg7 31. Qf4 $17) (27... Kxh7 28. Qxc6 (28. Bxc6 Rb8 29. Qd2 Qh5 $17) 28... Rxd3 29. exd3 Bd4+ 30. Kh2 $15) 28. exd3 {[#]} Bd5 $1 {And now ...Re1+ would win.} (28... Bxa2 29. Be4 $17) (28... Kxh7 29. Qxc6 (29. Bb2 Bxb2 30. Qxb2 Kg8 $17) 29... Bd4+ 30. Kh2 $15) 29. Be4 Bxe4 30. dxe4 Rxe4 {( -> ...Bd4+)} 31. Qxc6 Qe1+ ({Don't take} 31... Qxa3 $2 32. Rb8+ (32. Qxe4 Qxg3+ 33. Kf1 Qh3+ 34. Ke1 Qg3+ 35. Kd1 Qg1+ 36. Ke2 Qh2+ 37. Kd1 Qg1+ 38. Ke2 Qh2+ 39. Kd1 Qg1+ $11) 32... Bf8 33. Qf6+ (33. Qxe4 Qxg3+ 34. Qg2 Qe1+ 35. Qf1 Qg3+ 36. Qg2 Qe1+ 37. Qf1 Qg3+ 38. Qg2 $11) 33... Kxh7 34. Qxf7+ Kh6 35. Qxf8+ Qxf8 36. Rxf8 $18) 32. Kh2 Re2+ 0-1